000
00271nam a22001097a 4500
999
_c
13947
_d
13947
100
_a
Steven C. Chapra ; Raymond P. Canale
245
_a
Numerical Methods for Engineers
250
_a
Seventh Edition
260
_a
New York
_b
McGraw Hill
_c
2015
300
_a
970
942
_c
BK